|
|
|
|
| LEADER |
00000nam0a2200000 4500 |
| 001 |
277761 |
| 005 |
20231101235039.0 |
| 020 |
|
|
|a RU
|b 86-10798
|
| 035 |
|
|
|a (RuTPU)RU\TPU\book\301038
|
| 090 |
|
|
|a 277761
|
| 100 |
|
|
|a 20141205d1986 km y0rusy5003 ca
|
| 101 |
0 |
|
|a rus
|
| 102 |
|
|
|a RU
|
| 105 |
|
|
|a a z 001zy
|
| 200 |
1 |
|
|a Территориальная структура хозяйства
|f И. М. Маергойз
|g Академия наук СССР (АН СССР), Сибирское отделение (СО), Институт экономики и организации промышленного производства (ИЭОПП)
|
| 210 |
|
|
|a Новосибирск
|c Наука
|d 1986
|
| 215 |
|
|
|a 301 с.
|c ил.
|
| 320 |
|
|
|a Основные науч. тр. И. М. Маергойза: с. 296-301
|
| 320 |
|
|
|a Библиогр. в примеч.: с. 278-295
|
| 606 |
1 |
|
|a Экономическая география
|2 stltpush
|3 (RuTPU)RU\TPU\subj\37367
|9 50467
|
| 610 |
1 |
|
|a социалистические страны
|
| 610 |
1 |
|
|a структура
|
| 610 |
1 |
|
|a развитие
|
| 610 |
1 |
|
|a проблемы
|
| 610 |
1 |
|
|a экономико-географические условия
|
| 610 |
1 |
|
|a социальная география
|
| 610 |
1 |
|
|a экономическая интеграция
|
| 675 |
|
|
|a 911.3
|z rus
|v 4
|
| 700 |
|
1 |
|a Маергойз
|b И. М.
|g Исаак Моисеевич
|4 070
|
| 712 |
0 |
2 |
|a Академия наук СССР (АН СССР)
|b Сибирское отделение (СО)
|b Институт экономики и организации промышленного производства (ИЭОПП)
|c (Новосибирск)
|2 stltpush
|3 (RuTPU)RU\TPU\col\12174
|
| 801 |
|
0 |
|a RU
|b RuMRKP
|c 19950704
|g psbo
|
| 801 |
|
1 |
|a RU
|b 63413507
|c 20141205
|
| 801 |
|
2 |
|a RU
|b 63413507
|c 20170407
|g RCR
|
| 942 |
|
|
|c BK
|